How is prangent formed - Statistics

General Stats
  • This quiz has been taken 5 times
  • The average score is 16 of 34
Answer Stats
gref % Correct
pregant
100%
gregnant
80%
prangent
80%
pregante
80%
pegnat
60%
pegnate
60%
pegrent
60%
pregananant
60%
pregegnant
60%
pregernet
60%
pregonate
60%
prengan
60%
bregant
40%
fregnant
40%
pargant
40%
pargnet
40%
peegnant
40%
pergenat
40%
pergert
40%
pergnut
40%
pgrenant
40%
praganant
40%
pragnan
40%
pragnent
40%
pragnet
40%
prangnet
40%
prefnat
40%
pregarnt
40%
pregat
40%
pregnart
40%
prregnant
40%
prengt
20%
pretnet
20%
prognant
20%
No matching quizzes found
Score Distribution
Percent of People with Each Score
Percentile by Number Answered
Your Score History
You have not taken this quiz